[Event "POL-chT 2nd League"]
[Site "Jastrzebia Gora"]
[Date "2023.09.02"]
[Round "1.17"]
[White "Walaszczyk, Witold"]
[Black "Koziol, Pawel"]
[Result "1-0"]
[WhiteElo "1945"]
[BlackElo "1667"]
[PlyCount "71"]
[EventDate "2023.09.02"]
[EventType "team-swiss"]
[EventRounds "9"]
[EventCountry "POL"]
[SourceTitle "EXT 2024"]
[Source "ChessBase"]
[SourceDate "2023.10.10"]
[SourceVersion "1"]
[SourceVersionDate "2023.10.10"]
[SourceQuality "1"]
[WhiteTeam "Konin Hetman"]
[BlackTeam "Skoczek Trojanski"]
[WhiteTeamCountry "POL"]
[BlackTeamCountry "POL"]

1. d4 Nf6 2. g3 c5 3. dxc5 Na6 4. Bg2 Nxc5 5. c4 g6 6. Nc3 Bg7 7. Be3 Qa5 8. Bd2 Ne6 9. Nf3 0-0 10. 0-0 d6 11. Nb5 Qd8 12. Bc3 a6 13. Nbd4 Rb8 14. b3 Qc7 15. Rc1 Nxd4 16. Nxd4 Bd7 17. Qd2 Qc5 18. Bb4 Qh5 19. c5 e5 20. Nf3 d5 21. c6 bxc6 22. Bxf8 Bxf8 23. Qg5 Qxg5 24. Nxg5 Bh6 25. h4 Ng4 26. Rc5 Bf8 27. Rc2 f6 28. Nf3 Nh6 29. Rd1 Nf7 30. Nd2 e4 31. Nxe4 Bf5 32. Nxf6+ Kg7 33. Rxc6 Ne5 34. Rxa6 Bc8 35. Ne8+ Kh8 36. Ra5 1-0

[Event "POL-chT 2nd League"]
[Site "Jastrzebia Gora"]
[Date "2022.09.07"]
[Round "5.118"]
[White "Koziol, Pawel"]
[Black "Dzierzak, Boguslaw"]
[Result "0-1"]
[WhiteElo "1732"]
[BlackElo "1958"]
[PlyCount "70"]
[EventDate "2022.09.03"]
[EventType "team-swiss"]
[EventRounds "9"]
[EventCountry "POL"]
[SourceTitle "CBM 210 Extra"]
[Source "ChessBase"]
[SourceDate "2022.11.30"]
[SourceVersion "1"]
[SourceVersionDate "2022.11.30"]
[SourceQuality "1"]
[WhiteTeam "Skoczek Trojanski"]
[BlackTeam "Gornik Ledziny"]
[WhiteTeamCountry "POL"]
[BlackTeamCountry "POL"]

1. e4 c5 2. Nf3 e6 3. d3 d5 4. Nbd2 Nf6 5. g3 Nc6 6. Bg2 Be7 7. 0-0 Qc7 8. Qe2 dxe4 9. Nxe4 0-0 10. c3 h6 11. Re1 e5 12. Ned2 Bd6 13. Nc4 Re8 14. Nh4 Bg4 15. Qc2 Rad8 16. Ne3 Be6 17. Bd2 Bf8 18. Rad1 g6 19. Bc1 Bg7 20. b3 Kh7 21. a4 Na5 22. Nc4 Bd5 23. Nxa5 Qxa5 24. Bb2 Bxg2 25. Nxg2 Nd5 26. Ne3 f5 27. Nxd5 Rxd5 28. Re3 Qd8 29. Rde1 e4 30. dxe4 Rd2 31. Qb1 Rxe4 32. Rxe4 fxe4 33. Bc1 Rd1 34. Qxe4 Bxc3 35. Qxb7+ Rd7 0-1

[Event "Warsaw Najdorf Memorial op-B"]
[Site "Warsaw"]
[Date "2022.07.12"]
[Round "4"]
[White "Koziol, Pawel"]
[Black "Kobus, Stanislaw"]
[Result "0-1"]
[WhiteElo "1771"]
[BlackElo "1427"]
[PlyCount "54"]
[EventDate "2022.07.09"]
[EventType "swiss"]
[EventRounds "9"]
[EventCountry "POL"]
[SourceTitle "CBM 209 Extra"]
[Source "ChessBase"]
[SourceDate "2022.09.30"]
[SourceVersion "1"]
[SourceVersionDate "2022.09.30"]
[SourceQuality "1"]

1. Nf3 g6 2. g3 Bg7 3. Bg2 e5 4. d3 d6 5. c4 Nc6 6. Nc3 h6 7. Rb1 a5 8. a3 Be6 9. b4 axb4 10. axb4 Qd7 11. Bd2 Nge7 12. b5 Nd8 13. 0-0 Bh3 14. Qb3 Bxg2 15. Kxg2 Ne6 16. Na4 b6 17. Nc3 Ng5 18. h4 Qh3+ 19. Kg1 Nxf3+ 20. exf3 g5 21. h5 Nf5 22. Ne4 Nd4 23. Qd1 f5 24. Bc3 fxe4 25. Bxd4 exd4 26. Qe1 e3 27. fxe3 Ra2 0-1

[Event "Warsaw YMCA Winter-B 225th"]
[Site "Warsaw"]
[Date "2020.02.14"]
[Round "7"]
[White "Koziol, Pawel"]
[Black "Szukalski, Antoni"]
[Result "1/2-1/2"]
[WhiteElo "1788"]
[BlackElo "1752"]
[PlyCount "51"]
[EventDate "2020.01.09"]
[EventType "tourn"]
[EventRounds "13"]
[EventCountry "POL"]
[SourceTitle "CBM 195 Extra"]
[Source "ChessBase"]
[SourceDate "2020.05.31"]
[SourceVersion "1"]
[SourceVersionDate "2020.05.31"]
[SourceQuality "1"]

1. c4 Nf6 2. g3 e6 3. Bg2 d5 4. Nf3 c5 5. 0-0 Nc6 6. cxd5 exd5 7. d4 Be7 8. Nc3 0-0 9. Bg5 c4 10. Ne5 h6 11. Bxf6 Bxf6 12. Nxd5 Nxe5 13. Nxf6+ Qxf6 14. dxe5 Qxe5 15. Qc2 Be6 16. Rfd1 Rab8 17. a4 b5 18. axb5 Rxb5 19. Qc3 Qxe2 20. Rd2 Qe5 21. Qxe5 Rxe5 22. f4 Rb5 23. Rxa7 Bf5 24. Rc7 Bd3 25. Bf1 Rfb8 26. Bxd3 1/2-1/2

[Event "Warsaw YMCA Winter-B 225th"]
[Site "Warsaw"]
[Date "2020.01.09"]
[Round "1"]
[White "Koziol, Pawel"]
[Black "Kasperski, Marcin"]
[Result "1/2-1/2"]
[WhiteElo "1788"]
[BlackElo "1647"]
[PlyCount "150"]
[EventDate "2020.01.09"]
[EventType "tourn"]
[EventRounds "13"]
[EventCountry "POL"]
[SourceTitle "CBM 195 Extra"]
[Source "ChessBase"]
[SourceDate "2020.05.31"]
[SourceVersion "1"]
[SourceVersionDate "2020.05.31"]
[SourceQuality "1"]

1. e4 e6 2. Qe2 c5 3. Nf3 Nc6 4. g3 Nge7 5. Bg2 Nd4 6. Nxd4 cxd4 7. 0-0 Nc6 8. d3 Be7 9. c4 e5 10. f4 d6 11. Nd2 0-0 12. Rb1 a5 13. f5 Bg5 14. Nf3 Bxc1 15. Rfxc1 f6 16. Qd2 b6 17. Bf1 Bd7 18. Be2 Qe7 19. Bd1 Nb8 20. b4 Rc8 21. c5 dxc5 22. bxc5 b5 23. Bb3+ Kh8 24. Bd5 Ra7 25. c6 Nxc6 26. Rxb5 Qd8 27. Bxc6 Rxc6 28. Rxc6 Bxc6 29. Rc5 Be8 30. Qc2 Kg8 31. Qc4+ Kf8 32. Nd2 Qb6 33. Rc8 Qb4 34. Qc6 Re7 35. Qc2 Kf7 36. Rc4 Qb6 37. Nb3 Bb5 38. Rc8 Ba6 39. Rh8 Re8 40. Rxh7 Kg8 41. Qd1 Kxh7 42. Qh5+ Kg8 43. Qxe8+ Kh7 44. Qh5+ Kg8 45. Qd1 a4 46. Nc1 Qb1 47. Qf1 Qc2 48. h4 Qd2 49. Kh1 Kf8 50. g4 Ke7 51. g5 fxg5 52. hxg5 Qxg5 53. Qd1 Qe3 54. Qc2 Bxd3 55. Nxd3 Qxe4+ 56. Kg1 Qxf5 57. Qc7+ Kf6 58. Qd8+ Kg6 59. Qe8+ Kf6 60. Qf8+ Kg6 61. Qd6+ Kh7 62. Nxe5 Qb1+ 63. Kf2 Qxa2+ 64. Kg3 Qb3+ 65. Kh4 Qc2 66. Qxd4 a3 67. Nd3 Qh2+ 68. Kg4 Qg2+ 69. Kf5 Qg6+ 70. Kf4 a2 71. Nb4 Qb1 72. Nxa2 Qxa2 73. Qd3+ Kg8 74. Qd8+ Kf7 75. Qd7+ Kf8 1/2-1/2

[Event "POL-chT 2nd League"]
[Site "Jastrzebia Gora"]
[Date "2019.09.12"]
[Round "6.22"]
[White "Koziol, Pawel"]
[Black "Aleksandrowicz, Marek"]
[Result "1/2-1/2"]
[WhiteElo "1821"]
[BlackElo "1875"]
[PlyCount "52"]
[EventDate "2019.09.07"]
[EventType "team-swiss"]
[EventRounds "9"]
[EventCountry "POL"]
[SourceTitle "EXT 2020"]
[Source "ChessBase"]
[SourceDate "2019.10.17"]
[SourceVersion "1"]
[SourceVersionDate "2019.10.17"]
[SourceQuality "1"]
[WhiteTeam "Skoczek Trojanski"]
[BlackTeam "Lipusz WDA"]
[WhiteTeamCountry "POL"]
[BlackTeamCountry "POL"]

1. Nf3 d5 2. g3 c6 3. Bg2 Bg4 4. d3 Nd7 5. Nbd2 e6 6. 0-0 Bd6 7. b3 Ne7 8. Bb2 0-0 9. e4 a5 10. a4 b5 11. Qe1 bxa4 12. exd5 cxd5 13. Rxa4 Bh5 14. Qa1 f6 15. Nd4 Bf7 16. Nb5 Bc5 17. d4 Qb6 18. c4 Bb4 19. Bc3 Nc6 20. Rc1 dxc4 21. bxc4 Bxc3 22. Qxc3 e5 23. d5 Nc5 24. Raa1 Nb4 25. Bf1 Rfc8 26. Qf3 Bg6 1/2-1/2

[Event "Warsaw YMCA Winter-A 209th"]
[Site "Warsaw"]
[Date "2019.03.01"]
[Round "9"]
[White "Koziol, Pawel"]
[Black "Kosny, Marek"]
[Result "1/2-1/2"]
[WhiteElo "1854"]
[BlackElo "1849"]
[PlyCount "53"]
[EventDate "2019.01.11"]
[EventType "swiss"]
[EventRounds "13"]
[EventCountry "POL"]
[SourceTitle "CBM 189 Extra"]
[Source "ChessBase"]
[SourceDate "2019.06.03"]
[SourceVersion "1"]
[SourceVersionDate "2019.06.03"]
[SourceQuality "1"]

1. d4 d5 2. c4 e6 3. Nc3 Nf6 4. cxd5 exd5 5. Bg5 Be7 6. Qc2 0-0 7. e3 c6 8. Bd3 g6 9. Nge2 Nbd7 10. 0-0-0 Ng4 11. Bxe7 Qxe7 12. Ng3 Re8 13. Kb1 Nf8 14. h4 Qd6 15. Nf1 Bd7 16. h5 Re7 17. hxg6 fxg6 18. e4 Qf4 19. f3 dxe4 20. Nxe4 Nf6 21. Nxf6+ Qxf6 22. Ng3 Be6 23. Be4 Rd8 24. Qc5 b6 25. Qxc6 Rxd4 26. Ne2 Rc4 27. Qd6 1/2-1/2

[Event "Warsaw YMCA Autumn-A 205th"]
[Site "Warsaw"]
[Date "2018.09.21"]
[Round "1"]
[White "Markiewicz, Michal"]
[Black "Koziol, Pawel"]
[Result "1/2-1/2"]
[WhiteElo "1902"]
[BlackElo "1880"]
[PlyCount "54"]
[EventDate "2018.09.21"]
[EventType "swiss"]
[EventRounds "12"]
[EventCountry "POL"]
[SourceTitle "CBM 189 Extra"]
[Source "ChessBase"]
[SourceDate "2019.06.03"]
[SourceVersion "1"]
[SourceVersionDate "2019.06.03"]
[SourceQuality "1"]

1. Nf3 d5 2. g3 Nf6 3. Bg2 Bf5 4. 0-0 e6 5. d3 h6 6. Nbd2 Be7 7. b3 a5 8. a3 Nbd7 9. Bb2 0-0 10. Re1 Bh7 11. e4 c6 12. e5 Ne8 13. h4 Qb6 14. Qe2 Nc7 15. Nf1 a4 16. b4 c5 17. c3 f5 18. exf6 Bxf6 19. Bh3 Rae8 20. N1h2 Qa6 21. Red1 cxb4 22. axb4 Rf7 23. Ng4 Ref8 24. Ne1 Be7 25. f4 d4 26. c4 Bxb4 27. Bxd4 Bf5 1/2-1/2

[Event "Warsaw YMCA Summer-A 202nd"]
[Site "Warsaw"]
[Date "2018.08.02"]
[Round "8"]
[White "Koziol, Pawel"]
[Black "Prus, Marek"]
[Result "1/2-1/2"]
[WhiteElo "1912"]
[BlackElo "1641"]
[PlyCount "132"]
[EventDate "2018.07.04"]
[EventType "tourn"]
[EventRounds "10"]
[EventCountry "POL"]
[SourceTitle "EXT 2021"]
[Source "ChessBase"]
[SourceDate "2020.10.23"]
[SourceVersion "1"]
[SourceVersionDate "2020.10.23"]
[SourceQuality "1"]

1. e4 e5 2. Nf3 Nc6 3. Bc4 Nf6 4. d3 Bd6 5. c3 Na5 6. Bb5 c6 7. Ba4 b5 8. Bc2 Bc7 9. 0-0 0-0 10. Bg5 d5 11. Nbd2 Bg4 12. h3 Bh5 13. Re1 h6 14. Bh4 g5 15. Bg3 g4 16. hxg4 Bxg4 17. b4 dxe4 18. Nxe4 Nxe4 19. Rxe4 f5 20. Rxg4+ fxg4 21. Nxe5 Bxe5 22. Bxe5 Qg5 23. Qe2 Rae8 24. Re1 Nb7 25. d4 Nd6 26. Qd3 Qf5 27. Qd2 Qg5 28. Bb3+ Nc4 29. Qxg5+ hxg5 30. Re4 Kh7 31. Bxc4 bxc4 32. Rxg4 Kh6 33. Kf1 Kh5 34. f3 Ra8 35. Re4 Rae8 36. Kf2 Kg6 37. g4 Rf7 38. Re1 Ref8 39. Re3 Re8 40. Kg3 Rh7 41. Kg2 Rf7 42. Re1 Ref8 43. Bd6 Rd8 44. Bc5 Rdd7 45. Re6+ Rf6 46. Re5 Rdf7 47. Re3 Rd7 48. a4 Kf7 49. Re5 Re6 50. Rxg5 Re2+ 51. Kg3 Rd5 52. Rxd5 cxd5 53. b5 Ra2 54. Kf4 Rxa4 55. Ke5 Ra5 56. Kxd5 Rxb5 57. Kxc4 Rb7 58. f4 a5 59. f5 Kf6 60. d5 Kg5 61. Bd4 Kxg4 62. f6 Kf5 63. Kc5 a4 64. Kc6 Rf7 65. c4 a3 66. Kd6 Rxf6+ 1/2-1/2

[Event "Warsaw YMCA Summer-A 202nd"]
[Site "Warsaw"]
[Date "2018.07.18"]
[Round "3"]
[White "Szewczak, Andrzej"]
[Black "Koziol, Pawel"]
[Result "1-0"]
[WhiteElo "1725"]
[BlackElo "1912"]
[PlyCount "83"]
[EventDate "2018.07.04"]
[EventType "tourn"]
[EventRounds "10"]
[EventCountry "POL"]
[SourceTitle "EXT 2021"]
[Source "ChessBase"]
[SourceDate "2020.10.23"]
[SourceVersion "1"]
[SourceVersionDate "2020.10.23"]
[SourceQuality "1"]

1. e4 g6 2. g3 d5 3. Nc3 dxe4 4. Nxe4 Bg7 5. Bg2 Nd7 6. d4 Ngf6 7. Nxf6+ Nxf6 8. c3 0-0 9. Nf3 Bg4 10. Qb3 Qd5 11. Qxd5 Nxd5 12. Ne5 Be6 13. 0-0 c6 14. Re1 a5 15. Nd3 Bf5 16. Nc5 b6 17. Na4 b5 18. Bxd5 cxd5 19. Nb6 Rad8 20. Rxe7 Rd6 21. Rb7 Re6 22. Be3 Rd8 23. a3 h6 24. h4 Rc6 25. Re1 Bf8 26. Bf4 Bd6 27. Bxd6 Rcxd6 28. Ree7 Be6 29. Rec7 b4 30. f3 bxc3 31. bxc3 g5 32. h5 Kg7 33. g4 a4 34. Kf2 Kf8 35. Kg3 Kg7 36. Nxa4 Ra8 37. Ra7 Ra6 38. Rxa8 Rxa8 39. Nc5 Bc8 40. a4 Ba6 41. Nd7 Bc8 42. Nb6 1-0

[Event "Mazowiec-chT op 1718"]
[Site "Warsaw"]
[Date "2018.01.07"]
[Round "4.27"]
[White "Koziol, Pawel"]
[Black "Rozycki, Bartlomiej"]
[Result "0-1"]
[WhiteElo "1931"]
[BlackElo "2134"]
[PlyCount "56"]
[EventDate "2017.12.03"]
[EventType "team-swiss"]
[EventRounds "10"]
[EventCountry "POL"]
[SourceTitle "EXT 2020"]
[Source "ChessBase"]
[SourceDate "2019.10.17"]
[SourceVersion "1"]
[SourceVersionDate "2019.10.17"]
[SourceQuality "1"]

1. e4 e6 2. d3 d5 3. Nd2 c5 4. Ngf3 Bd6 5. g3 Nc6 6. Bg2 Nge7 7. 0-0 0-0 8. Re1 Bc7 9. a3 b6 10. Rb1 a5 11. Qe2 Ba6 12. Nf1 b5 13. h4 h6 14. N1h2 f5 15. exd5 exd5 16. h5 Qd7 17. Bd2 Rae8 18. Bh3 Nc8 19. Qf1 Qf7 20. Rxe8 Rxe8 21. Nh4 N8e7 22. Qd1 Bc8 23. f4 Kh7 24. Bg2 Ng8 25. Bf3 Nd4 26. b4 cxb4 27. axb4 a4 28. Bg2 Ne2+ 0-1

[Event "Mazowiec-chT op 1718"]
[Site "Warsaw"]
[Date "2018.01.07"]
[Round "3.28"]
[White "Seliga, Mariusz"]
[Black "Koziol, Pawel"]
[Result "1/2-1/2"]
[WhiteElo "1298"]
[BlackElo "1931"]
[PlyCount "73"]
[EventDate "2017.12.03"]
[EventType "team-swiss"]
[EventRounds "10"]
[EventCountry "POL"]
[SourceTitle "EXT 2020"]
[Source "ChessBase"]
[SourceDate "2019.10.17"]
[SourceVersion "1"]
[SourceVersionDate "2019.10.17"]
[SourceQuality "1"]

1. d4 Nf6 2. Bf4 b6 3. Nf3 Bb7 4. e3 g6 5. Be2 Bg7 6. h3 d6 7. Nbd2 Nbd7 8. c3 0-0 9. Qc2 c5 10. 0-0 Rc8 11. Rfe1 Rc7 12. a4 cxd4 13. exd4 Nd5 14. Bg3 N7f6 15. Qb3 Nh5 16. Bh2 Ndf4 17. a5 Nxe2+ 18. Rxe2 bxa5 19. Rxa5 Bh6 20. Nh4 e5 21. Rxa7 Bd5 22. Qxd5 Rxa7 23. Nhf3 Ra5 24. Qb3 exd4 25. cxd4 Ra1+ 26. Nf1 Nf4 27. Bxf4 Bxf4 28. g3 Bh6 29. Kg2 Qa8 30. N1h2 Qa6 31. Re7 Qa2 32. Qxa2 Rxa2 33. Ng4 Bg7 34. Rd7 Rb8 35. Rxd6 Bf8 36. Rd7 Rbxb2 37. Nfe5 1/2-1/2

[Event "SC-2017-0-00338"]
[Site "LSS email"]
[Date "2017.12.08"]
[Round "?"]
[White "Koziol, Pawel"]
[Black "Malmstrom, Jan"]
[Result "0-1"]
[WhiteElo "1708"]
[BlackElo "1754"]
[PlyCount "50"]
[EventDate "2017.10.21"]
[EventType "tourn (corr)"]
[EventRounds "6"]
[EventCountry "GER"]
[SourceTitle "Corr 2022"]
[Source "ChessBase"]
[SourceDate "2021.10.24"]
[SourceVersion "1"]
[SourceVersionDate "2021.10.24"]
[SourceQuality "1"]

1. Nf3 g6 2. d4 Bg7 3. e4 c5 4. d5 d6 5. Be2 e5 6. 0-0 Nd7 7. a4 Ne7 8. Nc3 0-0 9. Nd2 f5 10. Nc4 Nf6 11. f3 a6 12. a5 Qc7 13. Be3 Bd7 14. f4 exf4 15. Bxf4 Ne8 16. Qd2 Bd4+ 17. Kh1 Rd8 18. Bg5 Bc8 19. exf5 gxf5 20. Rae1 Nf6 21. Bf3 Ng6 22. Ne2 Be5 23. h4 Qe7 24. g3 Rde8 25. h5 Nh8 0-1

[Event "SC-2017-0-00338"]
[Site "LSS email"]
[Date "2017.12.07"]
[Round "?"]
[White "Koziol, Pawel"]
[Black "Sirotkin, Evgenji"]
[Result "0-1"]
[WhiteElo "1708"]
[BlackElo "1835"]
[PlyCount "52"]
[EventDate "2017.10.21"]
[EventType "tourn (corr)"]
[EventRounds "6"]
[EventCountry "GER"]
[SourceTitle "Corr 2022"]
[Source "ChessBase"]
[SourceDate "2021.10.24"]
[SourceVersion "1"]
[SourceVersionDate "2021.10.24"]
[SourceQuality "1"]

1. e4 c5 2. Nf3 e6 3. d3 d5 4. Nbd2 Nc6 5. g3 Nf6 6. Bg2 Be7 7. 0-0 0-0 8. Re1 Qc7 9. Nf1 dxe4 10. dxe4 Rd8 11. Qe2 e5 12. c3 h6 13. Nh4 Bg4 14. Qc2 Be6 15. Ne3 a6 16. b3 Rd7 17. Bb2 Rad8 18. Rad1 c4 19. Rxd7 Rxd7 20. Nhf5 Bc5 21. Bc1 cxb3 22. axb3 Bf8 23. Rd1 Rxd1+ 24. Qxd1 Na5 25. b4 Nc4 26. Qc2 g6 0-1

[Event "Warsaw YMCA Autumn-A 190th"]
[Site "Warsaw"]
[Date "2017.10.20"]
[Round "5"]
[White "Koziol, Pawel"]
[Black "Liberadzki, Slawomir"]
[Result "0-1"]
[WhiteElo "1931"]
[BlackElo "1997"]
[PlyCount "70"]
[EventDate "2017.09.19"]
[EventType "tourn"]
[EventRounds "14"]
[EventCountry "POL"]
[SourceTitle "EXT 2019"]
[Source "ChessBase"]
[SourceDate "2018.10.10"]
[SourceVersion "1"]
[SourceVersionDate "2018.10.10"]
[SourceQuality "1"]

1. e4 c5 2. Nf3 e6 3. d3 Nc6 4. g3 g6 5. Bg2 Bg7 6. 0-0 Nge7 7. Nbd2 0-0 8. Re1 d5 9. e5 Qc7 10. Qe2 b6 11. Nf1 Bb7 12. Bf4 Nf5 13. c3 b5 14. Ne3 Nxe3 15. Qxe3 d4 16. Qe2 Rfd8 17. h4 Rac8 18. h5 c4 19. hxg6 hxg6 20. dxc4 d3 21. Qd2 bxc4 22. Bg5 Rd5 23. Re4 Nxe5 24. Nxe5 Rxe5 25. Rxe5 Bxe5 26. Re1 Bg7 27. Bf4 Qb6 28. Be3 Qa6 29. a3 Bxg2 30. Kxg2 Qb7+ 31. f3 Rb8 32. Rb1 Qb3 33. Qc1 Qc2+ 34. Kh3 Qxc1 35. Bxc1 Bxc3 0-1